| 000 | 00447nam a2200169 i 4500 | ||
|---|---|---|---|
| 001 | 90640 | ||
| 003 | ES-MaACL | ||
| 005 | 20230906180521.0 | ||
| 007 | t| | ||
| 008 | 050124s1911 fr ||||1| fre d | ||
| 100 | 1 |
_aLenormant, Charles. _971541 |
|
| 245 | 1 | 0 |
_aChirurgie de la téte et du cou / _cpar Ch. Lenormant. |
| 250 | _a3eme ed. | ||
| 260 |
_aParis : _b[Lahure], _c1911. |
||
| 300 |
_aXIX, 291 p. ; _c20 cm. |
||
| 852 |
_aES-MaACL _jB-11785 |
||
| 999 |
_c90640 _d90640 |
||